MS Office XP. Tabulkový program Microsoft Excel - verze 2002 CZ

Saved in:
Bibliographic Details
Main Authors Kubálek, Tomáš, 1963- (Author), Švecová, Lenka (Author)
Format Book
LanguageCzech
Published Praha : Nakladatelství Oeconomica, 2003
Edition1. dotisk 1. vydání
SeriesManažerská informatika (Oeconomica)
Subjects
ISBN80-245-0491-X
Physical Description184 stran : ilustrace ; 29 cm

Cover

LEADER 00000nam a2200000 i 4500
001 9672
003 CZ-ZlUTB
005 20260410141104.0
007 ta
008 050405s2003 xr a e p 001 0 cze c
015 |a cnb003746649 
020 |z 80-245-0491-X  |q (brožováno) 
040 |a ZLD002  |b cze  |c ZLD002  |d ABA100  |e rda 
072 7 |a 004.4/.6  |x Programování. Software  |2 Konspekt  |9 23 
072 7 |a 37.016  |x Učební osnovy. Vyučovací předměty. Učebnice  |2 Konspekt  |9 22 
080 |a 004.67  |2 MRF 
080 |a 004.42Excel  |2 MRF 
080 |a (075.8)  |2 MRF 
100 1 |a Kubálek, Tomáš,  |d 1963-  |7 jo2002103223  |4 aut 
245 1 0 |a MS Office XP.  |b Tabulkový program Microsoft Excel - verze 2002 CZ /  |c Tomáš Kubálek, Lenka Švecová 
246 3 0 |a Tabulkový program Microsoft Excel - verze 2002 CZ 
246 3 |a Excel 2002 CZ 
246 3 0 |a Microsoft Excel - verze 2002 CZ 
250 |a 1. dotisk 1. vydání 
264 1 |a Praha :  |b Nakladatelství Oeconomica,  |c 2003 
300 |a 184 stran :  |b ilustrace ;  |c 29 cm 
336 |a text  |b txt  |2 rdacontent 
337 |a bez média  |b n  |2 rdamedia 
338 |a svazek  |b nc  |2 rdacarrier 
490 1 |a Manažerská informatika 
500 |a Údaj o vydání je chybný, správně má být: 2. vydání 
500 |a Nad názvem: Vysoká škola ekonomická v Praze, Fakulta podnikohospodářská 
500 |a Obsahuje rejstřík 
500 |a 300 výtisků 
521 |a Určeno pro studium na VŠE Praha 
650 0 7 |a Microsoft Excel 2002 (software)  |7 ph137033  |2 czenas 
650 0 7 |a tabulkové procesory  |7 ph116391  |2 czenas 
650 0 9 |a Microsoft Excel 2002  |2 eczenas 
650 0 9 |a electronic spreadsheets  |2 eczenas 
655 7 |a učebnice vysokých škol  |7 fd133772  |2 czenas 
655 9 |a textbooks (higher)  |2 eczenas 
700 1 |a Švecová, Lenka  |7 xx0000234  |4 aut 
710 2 |a Nakladatelství Oeconomica  |7 ko20251277660  |4 pbl 
710 2 |a Vysoká škola ekonomická v Praze.  |b Podnikohospodářská fakulta  |7 kn20010709402  |4 isb 
830 0 |a Manažerská informatika (Oeconomica) 
910 |a ZLD002 
942 |2 udc 
952 |0 0  |1 0  |4 0  |6 S004KUBÁLEKT  |7 0  |8 BOOK  |9 16763  |a UTBZL  |b UTBZL  |c 030  |d 2006-07-29  |l 2  |o S004/KUBÁLEK,T.  |p 420010084448  |r 2019-08-25 00:00:00  |v 107.00  |w 2019-08-25  |x N:nákup | 20100831  |y 05 
999 |c 9672  |d 9672